000 01539cam a22004694i 4500
003 PE-LiUPU
005 20250731173316.0
008 150616s r 000 0 d
035 _a(Sirsi) a3755
040 _aPE-LiUPU
_bspa
_cPE-LiUPU
_erda
049 _aPRUA
082 0 4 _a294.5
_bP23
_221
100 1 _aPanikkar, Raimundo,
_eautor.
245 1 3 _aEl Cristo desconocido del hinduismo.
264 1 _aMadrid :
_bEdiciones Marova,
_c1970.
300 _a206 páginas ;
_c18 cm.
336 _atext
_2rdacontent
337 _aunmediated
_2rdamedia
338 _avolume
_2rdacarrier
490 0 _aColección Nuevas Fronteras
504 _aNotas Bibliograficas.
505 0 _aEncuentro con la India -- Hinduismo y fe cristiana -- Dios y el mundo según el Brahma-sutra I.
526 _aSEG42
526 _aSEG41
526 _aSEG40
526 _aSEG39
526 _aP94
526 _aP87
526 _aP86
526 _aP85
526 _aP77
526 _aP76
526 _aP35
650 0 4 _aRELIGIONES NO CRISTIANAS.
_94150
910 _ajck
_bjvq
_cjck
942 _2ddc
_cBOOK
949 _a294.5 P23
_wDEWEY
_c1
_i12509
_lCCODEBUL1
_mBUL
_p00.00
_r0
_sY
_tBOOK
_u19850311
_xTEOLOGIA
_zUNKNOWN
_0COMPRA
_o.STAFF. Colección General
994 _aC0
_bPEPRU
596 _a1
999 _a294.5 P23
_wDEWEY
_c45738
_i12509
_f2021-11-12
_g5
_lCCODEBUL1
_mBUL
_r0
_sY
_tBOOK
_u2015-6-16
_xTEOLOGIA
_zUNKNOWN
_0COMPRA
_o.STAFF. Colección General
_d45738
980 _81
_gALBERTO SANCHEZ Responsable de Automatización